000 00353nam a2200169Ia 4500
100 _aFadia/Ankit
650 _aComputers
942 _cBK
366 _f20
654 _ahacking
245 _aAn unofficial guide to Ethical Hacking
260 _bMacmillan
_c2006
082 _a005.14/FAD
_bFAD
300 _a589
546 _aENGLISH
999 _c24616
_d24616